000
00258nam a2200109Ia 4500
008
220204s9999 xx 000 0 und d
082
_a
82-3HAR
_b
TAY
100
_a
Taylor, Abra
245
0
_a
End of innocence
260
_a
London
_b
Harlequin
_c
1983
942
_c
BK
999
_c
37729
_d
37729